000 00579nam a2200181Ia 4500
005 20250423100434.0
008 250422s9999 xx 000 0 und d
020 _a0192631608
050 _aRC 901.7 .H45 L486/
100 _aLevy, Jeremy
245 0 _aOxford handbook of dialysis
260 _aOxford
260 _bOxford University Press
260 _c2001
300 _a595 p
650 _a Hemodialysis--Handbooks, manuals, etc. Renal Dialysis--Handbooks. Kidney Failure, Chronic--complications--Handbooks. Kidney Failure, Chronic--therapy--Handbooks.
942 _cBK
999 _c33309
_d33309